00362nam a2200133 a 4500008004100000020001500041050001500056100002000071245004800091260003600139300002100175350000900196700002300205120416s0000 ||||||||||||||||| || u a0314825460 aT 56.3 Den aDennis, Terry L10aStudy guide to accompany management science aSt. PaulbWest Publishingc1991 avi, 356p. : ill. a0.00 aCoppins, Richard J